Metallica Lyrics – #17: Creeping Death - Statistics

General Stats
  • This quiz has been taken 83 times
  • The average score is 96 of 144
Answer Stats
Answer % Correct
I
94%
the
92%
creep
91%
born
89%
Born,
89%
death
89%
creeping
87%
in
87%
kill
87%
first
85%
I'm
83%
to
83%
by
81%
Die
81%
be
79%
land
79%
So
79%
so
79%
killing
77%
let
77%
my
77%
hand
75%
it
75%
Pharaoh
75%
pharaoh
75%
across
74%
done,
74%
done
74%
one,
74%
One
74%
serve
74%
son
74%
written,
74%
Chosen
70%
every
66%
Hebrews
66%
live
66%
of
66%
word,
66%
fear
64%
go,
64%
Go,
64%
man
64%
Slaves,
64%
fire
62%
his
62%
people
62%
sent
62%
Heed
60%
here,
60%
here
60%
Blood,
58%
blood,
58%
first.born
58%
will
58%
and
57%
Goshen
53%
with
53%
years
53%
deliverer
51%
down
51%
four
51%
hundred
51%
Now
51%
thee,
51%
must
49%
running
49%
shall
49%
bush
47%
Nile
47%
unknown
47%
darkness
45%
red
45%
something
45%
strong,
43%
days
42%
long,
42%
mass
42%
midnight
42%
three
42%
Wait,
42%
Faith
40%
pass
40%
rule
40%
soon
40%
deadly
38%
destroyer
38%
hail
36%
Plague,
36%
air,
34%
door,
34%
final
34%
painted
34%
lamb's
25%
steps
21%
floor,
8%
No matching quizzes found
Score Distribution
Percent of People with Each Score
Percentile by Number Answered
Your Score History
You have not taken this quiz